00942cam a22002777a 4500003000500000005001700005008004100022010001000063011001000073035001000083040000900093082001700102100003500119245011000154260008800264300001800352490004400370500003000414650002200444650002800466650003300494650003000527650003300557700003000590830004400620CHAP20220329141104.0971013d1989 mx r 00110 spa d a62430 a63402 a67578 cCHAP04a333.0972bE800aEscárcega López, Everardo.10aInafectabilidad agraria y pequeña propiedadb: semblanza históricac/por Everardo Escárcega López aMéxico, D.F. :bCentro de Estudios Históricos del Agrarismo en México,c1989. a2 v.b: ilus. 0aHistoria de los procedimientos agrarios aLa biblioteca tiene : v.114aEjidoszMéxico.14aReforma agrariaxLeyes.14aTierrasxTenenciaxHistoria.14aTierrasxTenenciaxLeyes.14aTierrasxTenenciazMéxico.0 aCaraveo Caraveo, Efrén.00aHistoria de los procedimientos agrarios